Top 500 Baby Girl Names in 2007 (United States) - Statistics

General Stats
  • This quiz has been taken 328 times
  • The average score is 228 of 500
Answer Stats
Hint Answer % Correct
3 Emma
94%
208 Alivia
92%
7 Olivia
92%
161 Ana
91%
25 Anna
91%
93 Mary
88%
322 Hanna
86%
325 Emely
85%
411 Emilee
85%
1 Emily
85%
9 Hannah
85%
39 Katherine
83%
142 Catherine
82%
333 Eliza
82%
163 Kathryn
82%
4 Ava
81%
21 Ella
81%
484 Lillie
81%
146 Lilly
81%
27 Lily
81%
10 Elizabeth
80%
80 Sara
80%
18 Sarah
80%
476 Elle
79%
20 Grace
79%
238 Allie
78%
77 Amelia
78%
420 Emilia
78%
434 Ashlee
77%
13 Ashley
77%
157 Bella
77%
64 Jennifer
77%
428 Kristen
77%
36 Sofia
77%
6 Sophia
77%
347 Alice
76%
87 Isabel
76%
2 Isabella
76%
79 Isabelle
76%
53 Maria
76%
15 Mia
76%
34 Julia
75%
377 Maddison
75%
5 Madison
75%
386 Madisyn
75%
361 Madyson
75%
40 Alexa
74%
442 Hailee
74%
23 Hailey
74%
76 Haley
74%
237 Haylee
74%
306 Hayley
74%
427 Haylie
74%
42 Jessica
74%
304 Julie
74%
136 Kate
74%
348 Rose
74%
29 Victoria
74%
495 Abbigail
73%
8 Abigail
73%
119 Amy
73%
101 Charlotte
73%
236 Izabella
73%
135 Lucy
73%
16 Chloe
72%
56 Zoe
72%
112 Zoey
72%
393 Rachael
71%
59 Rachel
71%
290 Alison
70%
46 Allison
70%
271 Allyson
70%
419 Annie
70%
51 Audrey
70%
174 Christina
70%
117 Eva
70%
55 Evelyn
70%
445 Kristina
70%
183 Laura
70%
28 Lauren
70%
477 Lauryn
70%
62 Maya
70%
102 Mya
70%
24 Taylor
70%
99 Caroline
69%
175 Ellie
69%
424 Jane
69%
114 Katie
69%
82 Sophie
69%
11 Addison
68%
97 Molly
68%
86 Nicole
68%
342 Rylie
68%
111 Amanda
67%
73 Ariana
67%
70 Arianna
67%
49 Alexandra
66%
152 Angel
66%
138 Breanna
66%
120 Briana
66%
22 Brianna
66%
449 Bryanna
66%
118 Gabriela
66%
38 Gabriella
66%
63 Kylie
66%
17 Natalie
66%
414 Nataly
66%
52 Riley
66%
130 Rylee
66%
302 Ryleigh
66%
227 Clara
65%
74 Faith
65%
367 Kiley
65%
158 Kylee
65%
343 Kyleigh
65%
105 Rebecca
65%
12 Samantha
65%
253 Addyson
64%
301 Ivy
64%
67 Leah
64%
417 Lilian
63%
33 Lillian
63%
19 Alexis
62%
60 Andrea
62%
106 Diana
62%
339 Holly
62%
206 Hope
62%
54 Kimberly
62%
452 Luna
62%
372 Madalyn
62%
292 Madeleine
62%
61 Madeline
62%
104 Madelyn
62%
473 Madelynn
62%
383 Madilyn
62%
242 Nora
62%
308 Rebekah
62%
320 Aubree
61%
122 Danielle
61%
75 Katelyn
61%
26 Kayla
61%
148 Laila
61%
85 Layla
61%
251 Leila
61%
69 Aubrey
60%
230 Caitlin
60%
66 Claire
60%
421 Kaitlin
60%
44 Kaitlyn
60%
283 Katelynn
60%
137 Melissa
60%
436 Rosa
60%
68 Gabrielle
59%
220 Abby
58%
332 Alissa
58%
14 Alyssa
58%
214 Caitlyn
58%
167 Daisy
58%
141 Erin
58%
349 Helen
58%
100 Jordan
58%
139 Jordyn
58%
65 Mackenzie
58%
180 Makenzie
58%
173 Margaret
58%
160 Mckenzie
58%
78 Megan
58%
373 Meghan
58%
94 Michelle
58%
88 Stephanie
58%
394 Baylee
57%
113 Jade
57%
162 Juliana
57%
186 Julianna
57%
165 Karen
57%
71 Vanessa
57%
45 Brooke
56%
116 Ruby
56%
125 Angela
55%
84 Bailey
55%
295 Georgia
55%
252 Joanna
55%
241 Veronica
55%
426 Willow
55%
228 Alaina
54%
273 Alayna
54%
178 Alicia
54%
232 Angelica
54%
58 Angelina
54%
291 Bethany
54%
430 Elaina
54%
192 Elena
54%
440 Harper
54%
204 Jasmin
54%
32 Jasmine
54%
185 Jazmin
54%
245 Jazmine
54%
416 Johanna
54%
109 Natalia
54%
409 Penelope
54%
229 Violet
54%
210 Vivian
54%
196 Annabelle
53%
48 Avery
53%
329 Carolina
53%
353 Cora
53%
268 Nina
53%
145 Amber
52%
108 Daniela
52%
288 Daniella
52%
267 Eleanor
52%
223 Josephine
52%
299 Josie
52%
259 Lila
52%
368 Lyla
52%
243 Stella
52%
164 Alexandria
51%
57 Brooklyn
51%
193 Brooklynn
51%
255 Erica
51%
265 Erika
51%
91 Gianna
51%
144 Valerie
51%
315 Aurora
50%
258 Callie
50%
261 Carly
50%
272 Esther
50%
96 Gracie
50%
103 Jenna
50%
289 Kara
50%
222 Kelly
50%
166 Kendall
50%
345 Ruth
50%
438 Abril
49%
310 April
49%
489 Cali
49%
486 Kali
49%
450 Lena
49%
89 Paige
49%
83 Aaliyah
48%
143 Alana
48%
466 Alanna
48%
309 Cameron
48%
216 Camryn
48%
317 Iris
48%
277 Kamryn
48%
270 Lola
48%
43 Morgan
48%
197 Sabrina
48%
319 Selena
48%
260 Cassandra
47%
499 Kassandra
47%
300 Kaylie
47%
121 Naomi
47%
337 Phoebe
47%
246 Savanna
47%
30 Savannah
47%
115 Adriana
46%
169 Adrianna
46%
352 Brittany
46%
408 Heather
46%
181 Maggie
46%
487 Sidney
46%
37 Sydney
46%
90 Autumn
45%
41 Destiny
45%
287 Kailey
45%
35 Kaylee
45%
250 Kayleigh
45%
405 Lana
45%
151 Liliana
45%
418 Lilliana
45%
47 Makayla
45%
423 Melany
45%
340 Michaela
45%
182 Mikayla
45%
170 Sienna
45%
159 Summer
45%
213 Aliyah
44%
188 Ariel
44%
81 Melanie
44%
404 Serena
44%
233 Courtney
43%
224 Elise
43%
187 Jillian
43%
107 Sadie
43%
218 Scarlett
43%
179 Alexia
42%
207 Cassidy
42%
297 Delilah
42%
354 Fiona
42%
219 Karla
42%
481 Kassidy
42%
128 Keira
42%
293 Kiera
42%
269 Kira
42%
189 Kyra
42%
296 Melody
42%
498 Noelle
42%
413 Brielle
41%
209 Chelsea
41%
124 Lydia
41%
153 Payton
41%
123 Peyton
41%
407 Sandra
41%
211 Tiffany
41%
110 Kennedy
40%
472 Francesca
39%
275 Carmen
38%
215 Crystal
38%
50 Jocelyn
38%
221 Joselyn
38%
231 Kyla
38%
492 Linda
38%
311 Lucia
38%
154 Miranda
38%
285 Monica
38%
168 Sierra
38%
98 Valeria
38%
176 Bianca
37%
305 Camille
37%
303 Heidi
37%
133 Jacqueline
37%
95 Jada
37%
262 Jayda
37%
447 Macie
37%
281 Macy
37%
226 Mckenna
37%
362 Nancy
37%
72 Trinity
37%
441 Dana
36%
171 Skylar
36%
375 Skyler
36%
358 Hazel
35%
249 Jamie
35%
443 Patricia
35%
194 Alina
34%
129 Camila
34%
276 Cecilia
34%
256 Eden
34%
248 Eliana
34%
485 Harley
34%
422 Kathleen
34%
202 Kelsey
34%
244 Makenna
34%
177 Mariana
34%
387 Natasha
34%
380 Paris
34%
392 Talia
34%
284 London
33%
314 Anastasia
32%
391 Marley
32%
240 Piper
32%
395 Valentina
32%
389 Adeline
31%
390 Lacey
31%
132 Marissa
31%
198 Nadia
31%
190 Tessa
31%
201 Amaya
30%
483 Amya
30%
463 Casey
30%
279 Cynthia
30%
313 Harmony
30%
200 Kendra
30%
334 Lexi
30%
437 Shannon
30%
344 Genevieve
29%
127 Leslie
29%
429 Lesly
29%
316 Lindsay
29%
225 Lindsey
29%
247 Mallory
29%
92 Mariah
29%
31 Nevaeh
29%
401 Nia
29%
350 Sasha
29%
439 Athena
28%
400 Malia
28%
126 Serenity
28%
280 Brenda
27%
195 Hayden
27%
382 Wendy
27%
155 Ashlyn
26%
274 Ashlynn
26%
459 Evangeline
26%
234 Fatima
26%
140 Genesis
26%
335 Jaden
26%
318 Jadyn
26%
431 Jaiden
26%
172 Jayden
26%
131 Jayla
26%
462 Marina
26%
364 Anya
25%
351 Brynn
25%
156 Reagan
25%
381 Ayla
24%
357 Bridget
24%
355 Celeste
24%
257 Ciara
24%
203 Delaney
24%
312 Emerson
24%
469 Hadley
24%
212 Kiara
24%
294 Miriam
24%
471 Skye
24%
397 Cindy
23%
371 Denise
23%
263 Heaven
23%
150 Reese
23%
453 Rowan
23%
149 Shelby
23%
239 Dakota
22%
134 Giselle
22%
451 Gloria
22%
496 Kenzie
22%
444 Kirsten
22%
455 Logan
22%
341 Presley
22%
470 Sage
22%
410 Teagan
22%
464 Anaya
21%
266 Aniya
21%
402 Raegan
21%
457 Ryan
21%
488 Viviana
21%
399 Janelle
20%
217 Karina
20%
278 Miley
20%
346 Meredith
19%
359 Yasmin
19%
384 Alessandra
18%
482 Cheyanne
18%
147 Cheyenne
18%
403 Claudia
18%
326 Kaydence
18%
286 Leilani
18%
446 Nyla
18%
370 Ximena
18%
199 Cadence
17%
191 Esmeralda
17%
385 Kadence
17%
493 Paulina
17%
415 Rihanna
17%
480 Amari
16%
205 Aniyah
16%
374 Priscilla
16%
458 Ainsley
15%
254 Alejandra
15%
327 Desiree
15%
324 Shayla
14%
321 Tatiana
14%
479 Tori
14%
425 Angelique
13%
331 Angie
13%
376 Annika
12%
336 Tatum
12%
456 Samara
11%
184 Alondra
10%
435 Kiana
10%
412 Marisol
10%
323 Asia
9%
369 Brenna
9%
490 Mercedes
9%
356 Diamond
8%
379 Kaylin
8%
378 Nayeli
8%
307 Danica
7%
454 Danika
7%
474 Yesenia
7%
330 Anahi
6%
461 Fernanda
6%
338 Kaelyn
6%
491 Kailyn
6%
478 Melina
6%
448 Miracle
6%
497 Raquel
6%
398 Sarai
6%
500 Aileen
5%
365 Itzel
5%
328 Paola
5%
465 Taryn
5%
282 Guadalupe
4%
235 Julissa
4%
468 Norah
4%
388 Imani
3%
460 America
2%
264 Dulce
2%
396 Estrella
2%
360 Jaelyn
2%
366 Janiya
2%
433 Jazlyn
2%
298 Lizbeth
2%
406 Perla
2%
467 Dayanara
1%
432 Janiyah
1%
363 Kimora
1%
475 Yoselin
1%
494 Saniya
0%
No matching quizzes found
Score Distribution
Percent of People with Each Score
Percentile by Number Answered
Your Score History
You have not taken this quiz